[Event "AUTO-INT-1186"]
[Site "http://www.queenalice.com/game.php?id=531246"]
[Date "2009.1.29"]
[Round "1"]
[White "Marre08"]
[Black "Archer"]
[Result "0-1"]
[WhiteElo "1469"]
[BlackElo "1671"]

1. e4 e5 2. Nf3 Bd6 3. Bc4 Qf6 4. d3 c6 5. Ng5 Nh6 6. O-O b5 7. Bb3 Na6 8. c4 b4
9. Nf3 Ng4 10. h3 Nh6 11. Bg5 Qg6 12. d4 exd4 13. Qxd4 O-O 14. Nbd2 Bb7 15. Qe3
c5 16. Bxh6 Qxh6 17. Qxh6 gxh6 18. Nh4 Bc7 19. Ba4 Rad8 20. f3 Bf4 21. Rfd1 f6
22. Nf5 h5 23. g3 Bc7 24. Kg2 Nb8 25. Nb3 d6 26. Ne7+ Kf7 27. Nd5 Na6 28. Bb5
Bb8 29. Nf4 Nc7 30. Ba4 Ne6 31. Nxh5 Kg6 32. Nf4+ Nxf4+ 33. gxf4 f5 34. Re1 fxe4
35. fxe4 Rxf4 36. Nd2 Rg8 37. Rf1 Kh5+ 38. Kh2 Rxf1 39. Rxf1 d5+ 40. Kh1 dxe4
41. Re1 e3+ 42. Nf3 Bxf3# 0-1

[Event "AUTO-INT-1186"]
[Site "http://www.queenalice.com/game.php?id=531247"]
[Date "2009.1.29"]
[Round "1"]
[White "Archer"]
[Black "Marre08"]
[Result "1-0"]
[WhiteElo "1701"]
[BlackElo "1480"]

1. e4 e5 2. Nf3 Nc6 3. d4 exd4 4. Nxd4 Nxd4 5. Qxd4 c5 6. Qe3 Qe7 7. Nc3 d6 8.
Nd5 Qd8 9. Bc4 Nf6 10. Nxf6+ Qxf6 11. O-O Be7 12. a4 Qg6 13. Rd1 h6 14. a5 Bg5
15. Qg3 O-O 16. f4 Qh5 17. Bd2 Bh4 18. Qc3 Re8 19. g3 Bf6 20. Qd3 Rd8 21. Bd5
Rb8 22. a6 b6 23. c3 Qg6 24. b3 h5 25. f5 Qh7 26. h4 Kf8 27. Rf1 g6 28. b4 gxf5
29. exf5 Qg7 30. b5 Bxh4 31. f6 Qxg3+ 32. Qxg3 Bxg3 33. Bh6+ Kg8 34. Rf3 Be5 35.
Kh1 Kh7 36. Bd2 Kg6 37. Rg1+ Kh7 38. Be4+ Kh8 39. Rg7 Be6 40. Rh7+ Kg8 41. Rf1
Bg4 42. Rg1 Rd7 43. Rxh5 Bxf6 44. Rxg4+ Bg7 45. Bh6 f6 46. Bxg7 Rxg7 47. Bd5+
Kf8 48. Rh8+ Ke7 49. Rxg7# 1-0

[Event "AUTO-INT-1186"]
[Site "http://www.queenalice.com/game.php?id=531248"]
[Date "2009.1.29"]
[Round "1"]
[White "Marre08"]
[Black "montelo"]
[Result "0-1"]
[WhiteElo "1423"]
[BlackElo "1661"]

1. e4 e5 2. d4 c6 3. dxe5 Qa5+ 4. Nc3 Qxe5 5. Nf3 Qf6 6. Bg5 Qe6 7. b3 g6 8. Bc4
Qg4 9. O-O Bg7 10. h3 Qh5 11. Qd3 h6 12. Bf4 b5 13. Rad1 bxc4 14. Qxc4 Ba6 15.
Qb4 c5 16. Qa4 Bxf1 17. Rxf1 Bxc3 18. Bxb8 Rxb8 19. Kh2 a5 20. Rd1 Nf6 21. g4
Nxg4+ 22. Kg2 Ne5 23. Nxe5 Qxd1 24. Qxa5 Bxe5 25. Qxc5 d6 26. Qc6+ Kf8 27. Qc4
Kg7 28. a4 Rhc8 29. Qd5 Qxd5 30. exd5 Rxc2 31. a5 Rxb3 32. a6 Bd4 33. Kf1 Rxf2+
34. Ke1 Rb1# 0-1

[Event "AUTO-INT-1186"]
[Site "http://www.queenalice.com/game.php?id=531249"]
[Date "2009.1.29"]
[Round "1"]
[White "montelo"]
[Black "Marre08"]
[Result "0-1"]
[WhiteElo "1670"]
[BlackElo "1419"]

1. e4 e5 2. Qh5 Nc6 3. Qd1 Nf6 4. Nc3 Bb4 5. Nf3 d6 6. h3 Bxc3 7. dxc3 Nxe4 8.
Bc4 O-O 9. Nh2 Qf6 10. Qf3 Qxf3 11. Nxf3 Na5 12. Nd2 Nxd2 13. Bxd2 Nxc4 14. b3
Nxd2 15. Kxd2 b6 16. Rae1 Re8 17. Re3 Bb7 18. f3 f5 19. Rhe1 f4 20. R3e2 Ba6 21.
Re4 Re6 22. Ra4 Bb7 23. c4 Rg6 24. Re2 Rg3 25. Rf2 a5 26. b4 axb4 27. Rxa8+ Bxa8
28. a4 Rg6 29. g4 h5 30. gxh5 Rg3 31. Ke2 Rxh3 32. Kf1 Rxh5 33. Ke2 Rh1 34. Rg2
Rc1 35. Kd2 Ra1 36. Rg6 Rxa4 37. Re6 Kf8 38. Rg6 Bxf3 39. Kd3 Ra3+ 40. Kd2 Rc3
41. Rg1 Rxc4 42. Ra1 Ke7 43. Ra7 g5 44. Kd3 Rc5 45. Ra8 g4 46. Kd2 Bxa8 0-1

[Event "AUTO-INT-1186"]
[Site "http://www.queenalice.com/game.php?id=531250"]
[Date "2009.1.29"]
[Round "1"]
[White "Marre08"]
[Black "Tigrao"]
[Result "0-1"]
[WhiteElo "1504"]
[BlackElo "1644"]

1. e4 e5 2. Nf3 d6 3. Nc3 Nf6 4. Bc4 Be7 5. O-O Nc6 6. d3 Na5 7. Bb5+ c6 8. Ba4
b5 9. Bb3 Nxb3 10. axb3 a6 11. h3 O-O 12. Be3 d5 13. exd5 Nxd5 14. Nxe5 Nxc3 15.
bxc3 Qc7 16. Nf3 Qd6 17. Qd2 Bb7 18. b4 Qc7 19. Bf4 Bd6 20. Bxd6 Qxd6 21. d4 Bc8
22. Qd3 g6 23. c4 Qxb4 24. cxb5 cxb5 25. Rab1 Qd6 26. c4 Bf5 27. Qe3 Bxb1 28. c5
Qc7 29. Rxb1 Rfe8 30. Ne5 Kg7 31. Qc3 f6 32. Nf3 Rab8 33. Ra1 b4 34. Qb2 a5 35.
Ra4 Ra8 36. g3 Re7 37. Qc2 Qc6 38. Kg2 Re4 39. Kh2 h5 40. Nh4 Re1 41. Qxg6+ Kf8
42. Qh6+ Ke8 43. Qh8+ Kd7 44. Qg7+ Kc8 45. Qf8+ Re8 46. Qd6 Qxd6 47. cxd6 Kd7
48. Nf5 Reb8 49. d5 b3 50. Ra1 a4 51. Nd4 b2 52. Rb1 a3 53. Nc2 a2 54. Rxb2 Rxb2
0-1

[Event "AUTO-INT-1186"]
[Site "http://www.queenalice.com/game.php?id=531251"]
[Date "2009.1.29"]
[Round "1"]
[White "Tigrao"]
[Black "Marre08"]
[Result "1-0"]
[WhiteElo "1668"]
[BlackElo "1510"]

1. e4 e5 2. Nf3 Nc6 3. Bb5 d6 4. Bxc6+ bxc6 5. O-O Nf6 6. d3 Bg4 7. Be3 d5 8.
Nbd2 Bd6 9. Qc1 O-O 10. h3 Be6 11. Ng5 d4 12. Nxe6 fxe6 13. Bg5 h6 14. Bxf6 Rxf6
15. Nc4 Rb8 16. c3 c5 17. Nxd6 cxd6 18. c4 Qb6 19. b3 Rbf8 20. f3 Qb4 21. Qb2 a5
22. Kh2 a4 23. Rf2 a3 24. Qe2 Qc3 25. Raf1 Rd8 26. f4 exf4 27. Rxf4 Rxf4 28.
Rxf4 Rf8 29. Kg3 Qa1 30. Rxf8+ Kxf8 31. Qf3+ Ke7 32. Qe2 Kd7 33. Kg4 Qc1 34. h4
Qb2 35. Qe1 Qxg2+ 36. Kh5 Qf3+ 37. Kg6 Qg4+ 38. Kh7 Ke7 39. Qf2 Qh5 40. Qg3 Qf7
41. Qxg7 Qxg7+ 42. Kxg7 d5 43. cxd5 exd5 44. exd5 Kd6 45. Kxh6 Kxd5 46. Kg5 c4
47. bxc4+ Kc5 48. h5 Kb4 49. h6 Kc3 50. h7 Kxd3 51. c5 Kc2 52. h8=Q d3 53. Qd8
d2 54. c6 d1=Q 55. Qxd1+ Kxd1 56. c7 Kc2 57. c8=Q+ Kb2 58. Qc4 Kb1 59. Qb3+ Ka1
60. Qxa3 Kb1 61. Qa8 Ka1 62. a4 Ka2 63. a5 Ka3 64. Qb8 Ka4 65. a6 Ka5 66. a7 Ka6
67. a8=Q# 1-0

[Event "Challenge"]
[Site "http://www.queenalice.com/game.php?id=540414"]
[Date "2009.2.14"]
[Round "-"]
[White "Marre08"]
[Black "augustotiago"]
[Result "0-1"]
[WhiteElo "1456"]
[BlackElo "1611"]

1. e4 d5 2. exd5 Nf6 3. Nc3 Nxd5 4. Nxd5 Qxd5 5. c4 Qe4+ 6. Qe2 Qxe2+ 7. Bxe2
Nc6 8. Nf3 e5 9. O-O Bf5 10. d3 O-O-O 11. Be3 Bxd3 12. Rfe1 Be7 13. Rad1 Bxe2
14. Rxd8+ Rxd8 15. Rxe2 f5 16. h3 b6 17. Bg5 Rd1+ 18. Kh2 Bd6 19. a3 e4+ 20. g3
exf3 21. Re8+ Kb7 22. Rg8 Bc5 23. Be3 Bxe3 0-1

[Event "AUTO-OPEN-1442"]
[Site "http://www.queenalice.com/game.php?id=540547"]
[Date "2009.2.15"]
[Round "1"]
[White "Marre08"]
[Black "felomeno"]
[Result "1-0"]
[WhiteElo "1514"]
[BlackElo "1604"]

1. e4 c5 2. Nf3 a6 3. d4 e6 4. Nc3 h6 5. Be3 Qb6 6. b3 d6 7. Na4 Qc6 8. Bc4 f6
9. Qe2 d5 10. exd5 exd5 11. Bd3 c4 12. Bg6+ Kd8 13. Nc5 Ne7 14. Nh4 b6 15. Na4
f5 16. Bh5 f4 17. Bxf4 Qf6 18. Bg3 Nf5 19. Nxf5 Bxf5 20. Qe8# 1-0

[Event "AUTO-OPEN-1442"]
[Site "http://www.queenalice.com/game.php?id=540548"]
[Date "2009.2.15"]
[Round "1"]
[White "felomeno"]
[Black "Marre08"]
[Result "1-0"]
[WhiteElo "1605"]
[BlackElo "1463"]

1. e4 e5 2. Nf3 Nc6 3. Bc4 Bc5 4. Ng5 Qxg5 5. Qf3 Nf6 6. Nc3 Nd4 7. Qd3 Qxg2 8.
Rf1 Qxh2 9. Na4 Bd6 10. c3 Nc6 11. b4 Qf4 12. Bd5 Ne7 13. Kd1 c6 14. Qg3 Qxg3
15. fxg3 cxd5 16. exd5 Nexd5 17. d4 exd4 18. cxd4 O-O 19. a3 Bxg3 20. Ra2 1-0

[Event "AUTO-OPEN-1442"]
[Site "http://www.queenalice.com/game.php?id=540551"]
[Date "2009.2.15"]
[Round "1"]
[White "Marre08"]
[Black "rom_banane"]
[Result "0-1"]
[WhiteElo "1500"]
[BlackElo "1889"]

1. e4 e5 2. Nf3 d5 3. exd5 e4 4. Qe2 Qxd5 5. Nc3 Qd8 6. Qxe4+ Be7 7. d3 h6 8.
Nd5 Nc6 9. Be2 Be6 10. Nxe7 Ngxe7 11. O-O Qd6 12. Bf4 Qc5 13. c4 O-O-O 14. b3
Bf5 15. Qe3 Qxe3 16. fxe3 Bxd3 17. Bxd3 Rxd3 18. Rfe1 Ng6 19. Bg3 Nb4 20. Re2
Re8 21. Bf2 Re6 22. Nd4 Rxd4 23. exd4 Rxe2 24. h3 Rxa2 25. Rxa2 Nxa2 26. d5 Kd7
27. Bxa7 Nc1 28. b4 Nd3 29. b5 b6 30. d6 Nge5 31. c5 Nxc5 32. Bb8 cxd6 33. Kf2
Nb7 34. Ke3 Kc8 35. Ba7 Nd7 36. Kd4 Na5 37. Kd5 Kc7 38. g3 Nf6+ 39. Kd4 Kb7 40.
Bxb6 Kxb6 41. h4 Kxb5 42. Ke3 Kc4 0-1

[Event "AUTO-OPEN-1442"]
[Site "http://www.queenalice.com/game.php?id=540552"]
[Date "2009.2.15"]
[Round "1"]
[White "rom_banane"]
[Black "Marre08"]
[Result "1-0"]
[WhiteElo "1897"]
[BlackElo "1498"]

1. e4 e5 2. d4 exd4 3. c3 d5 4. Qxd4 Nc6 5. Bb5 Bd7 6. Qxd5 Nf6 7. Bg5 h6 8. Bc4
Nxd5 9. Bxd8 Nb6 10. Bxf7+ Kxf7 11. Bxc7 Nc4 12. b3 Rc8 13. Bg3 Nb6 14. Ne2 Na5
15. O-O Bg4 16. Nd4 Bc5 17. b4 Bxd4 18. bxa5 Bxc3 19. Nxc3 Nc4 20. Nb5 a6 21.
Nd6+ Nxd6 22. Bxd6 Rhe8 23. Rfb1 Ke6 24. e5 Rc6 25. Rxb7 Rec8 26. Re7+ Kf5 27.
f3 Bh5 28. g4+ Bxg4 29. fxg4+ Kxg4 30. Rxg7+ Kf5 31. Rf1+ Ke6 32. Re7+ Kd5 33.
Rd1+ Ke4 34. Rf7 Rc2 35. e6 Rg8+ 36. Kf1 Rcg2 37. Re1+ Kd5 38. e7 Rg1+ 39. Ke2
R8g2+ 40. Kd1 Rxe1+ 41. Kxe1 Rg8 42. Rf8 Rg1+ 43. Kf2 Kxd6 44. e8=Q Rb1 45. Qg6+
Kc5 46. Qxb1 Kc4 47. Rf5 Kd4 48. Qb4+ Kd3 49. Rf3+ 1-0

[Event "AUTO-INT-1205"]
[Site "http://www.queenalice.com/game.php?id=540686"]
[Date "2009.2.15"]
[Round "1"]
[White "Marre08"]
[Black "ricardosf"]
[Result "0-1"]
[WhiteElo "1503"]
[BlackElo "1574"]

1. e4 Nf6 2. e5 Nd5 3. c4 Nf4 4. g3 Nh5 5. Qxh5 g6 6. Qf3 d6 7. d4 dxe5 8. Qd3
exd4 9. Nf3 Bf5 10. Qxd4 Qxd4 11. Nxd4 Nc6 12. Nxc6 bxc6 13. Nc3 e6 14. Bf4 h5
15. Be5 Rh7 16. Bxc7 Rc8 17. Be5 Bg7 18. Bxg7 Rxg7 19. Bg2 g5 20. O-O h4 21.
gxh4 gxh4 22. Kh1 Bd3 23. Rfd1 Bc2 24. Rd6 Rxg2 25. Kxg2 Ke7 26. Rd4 Rg8+ 27.
Kh3 Bf5+ 28. Kxh4 c5 29. Rf4 Rh8+ 30. Kg3 Rh3+ 31. Kg2 a5 0-1

[Event "AUTO-INT-1205"]
[Site "http://www.queenalice.com/game.php?id=540687"]
[Date "2009.2.15"]
[Round "1"]
[White "ricardosf"]
[Black "Marre08"]
[Result "1-0"]
[WhiteElo "1604"]
[BlackElo "1490"]

1. d4 d5 2. Nc3 Nf6 3. Nf3 Bg4 4. h3 Bh5 5. g4 Bg6 6. Ne5 e6 7. g5 Nfd7 8. Nxg6
hxg6 9. Bf4 Bd6 10. Bxd6 cxd6 11. Nb5 a6 12. Nxd6+ Ke7 13. Nxb7 Qb6 14. e4 Qxb7
15. exd5 Qxd5 16. f3 Nc6 17. c4 Qxg5 18. d5 exd5 19. cxd5 Nce5 20. d6+ Kf8 21.
b4 f6 22. Qd5 Rc8 23. Bxa6 Rc1+ 24. Rxc1 Qxc1+ 25. Kf2 Rh5 26. Qa8+ Kf7 27. Qd5+
Kf8 28. Rxc1 Nb6 29. Rc8+ Nxc8 30. Bxc8 Ng4+ 31. fxg4 Rxd5 32. d7 1-0

[Event "AUTO-INT-1205"]
[Site "http://www.queenalice.com/game.php?id=540688"]
[Date "2009.2.15"]
[Round "1"]
[White "Marre08"]
[Black "vortex"]
[Result "1-0"]
[WhiteElo "1493"]
[BlackElo "1785"]

1. e4 e5 2. Nf3 Nc6 3. Bb5 Nge7 4. d3 a6 5. Ba4 d6 6. Nc3 Bg4 7. h3 Bxf3 8. Qxf3
b5 9. Bb3 f6 10. Bd5 Rb8 11. Bg5 Nxd5 12. Nxd5 Ne7 13. Nxe7 Bxe7 14. Be3 c5 15.
c3 O-O 16. Qg4 Qc8 17. Qxc8 Rbxc8 18. O-O Bd8 19. Rac1 Bc7 20. d4 cxd4 21. cxd4
exd4 22. Bxd4 Rfe8 23. f3 Ba5 24. a3 Bd2 25. Rcd1 Rc2 26. Rf2 Rec8 27. Rdxd2
Rc1+ 28. Kh2 Kf7 29. Bc3 Rc6 30. Bb4 Ke6 31. Rd4 Ke5 32. Bc3 Ke6 33. Rfd2 h6 34.
Bb4 R6c4 35. Rxd6+ Ke5 36. R2d5+ Kf4 37. Bd2# 1-0

[Event "AUTO-INT-1205"]
[Site "http://www.queenalice.com/game.php?id=540689"]
[Date "2009.2.15"]
[Round "1"]
[White "vortex"]
[Black "Marre08"]
[Result "0-1"]
[WhiteElo "1790"]
[BlackElo "1471"]

1. e4 e5 2. d3 Nc6 3. Nf3 Nf6 4. Bg5 h6 5. Bxf6 Qxf6 6. Nbd2 Bc5 7. a3 O-O 8. g3
d6 9. Bg2 Nd4 10. c3 Nc6 11. O-O Rd8 12. Re1 d5 13. b4 Bb6 14. exd5 Rxd5 15. Nc4
Bf5 16. Nb2 Rad8 17. Bf1 Bg4 18. Bg2 Bf5 19. c4 R5d7 20. Bf1 a6 21. Bg2 Bxd3 22.
Nxd3 Rxd3 23. Qe2 R3d4 24. Nxd4 Nxd4 25. Qg4 Nc2 26. Red1 Qxf2+ 27. Kh1 Rxd1+
28. Rxd1 Ne3 29. Qe4 Nxd1 0-1

[Event "AUTO-INT-1205"]
[Site "http://www.queenalice.com/game.php?id=540690"]
[Date "2009.2.15"]
[Round "1"]
[White "Marre08"]
[Black "ciceroeduardo"]
[Result "0-1"]
[WhiteElo "1534"]
[BlackElo "1610"]

1. e4 e5 2. Nf3 Nc6 3. Bb5 a6 4. Ba4 Nf6 5. d3 Be7 6. Bxc6 dxc6 7. Nxe5 O-O 8.
O-O Bd6 9. Nf3 b5 10. e5 Bxe5 11. Nxe5 Qd5 12. Nf3 Bd7 13. Nc3 Qd6 14. Nd2 Bf5
15. Qf3 c5 16. Nce4 Qe5 17. Re1 Rad8 18. Re3 Ng4 19. Qg3 Qxg3 20. Rxg3 Ne5 21.
Rg5 g6 22. Nxc5 Rde8 23. b3 f6 24. Rg3 Ng4 25. Bb2 a5 26. h3 Ne5 27. Bc3 b4 28.
Bb2 Nc6 29. Re3 Rxe3 30. fxe3 Ne5 31. e4 Bc8 32. Nc4 Re8 33. Nxa5 Kg7 34. d4 Nd7
35. Ncb7 Rxe4 36. Nc5 Nxc5 37. dxc5 Re2 38. Rc1 Bf5 39. Nc6 Be4 40. Nxb4 Rxg2+
41. Kf1 Kf7 42. Bd4 Rg3 43. Kf2 Rxh3 44. a4 Rh2+ 45. Ke3 f5 46. a5 Rh3+ 47. Kf4
Rf3+ 48. Ke5 h5 49. a6 Ba8 50. Nd5 h4 51. Nxc7 Be4 52. a7 h3 53. Rh1 Rg3 54. Rh2
Ke7 55. a8=Q Bxa8 56. Nxa8 Rg2 57. Rxh3 Rxc2 58. Rh7+ Kd8 59. Kd6 Kc8 60. Kc6
Kd8 61. Nb6 f4 62. Rf7 g5 0-1

[Event "AUTO-INT-1205"]
[Site "http://www.queenalice.com/game.php?id=540691"]
[Date "2009.2.15"]
[Round "1"]
[White "ciceroeduardo"]
[Black "Marre08"]
[Result "0-1"]
[WhiteElo "1544"]
[BlackElo "1496"]

1. e4 e5 2. Nf3 Nc6 3. Bc4 Bc5 4. c3 Nf6 5. d4 exd4 6. cxd4 Bb4+ 7. Nc3 Bxc3+ 8.
bxc3 O-O 9. e5 Ne8 10. O-O d6 11. Ba3 h6 12. Qd3 dxe5 13. Nxe5 Nxe5 14. Qe2 Nxc4
15. Bxf8 Kxf8 16. Qxc4 Nd6 17. Qe2 Be6 18. f4 Bc4 19. Qf3 Bxf1 20. Rxf1 c6 21.
d5 cxd5 22. Qxd5 Qd7 23. c4 Rd8 24. Rd1 Qc7 25. c5 Ke7 26. Re1+ Kf8 27. cxd6
Qb6+ 28. Kh1 Rxd6 29. Qc4 Rc6 30. Qe4 g6 31. Qe5 Rf6 32. Qe8+ Kg7 33. Qe5 Qd6
34. Qxd6 Rxd6 35. h4 Rd4 36. g3 Rd2 37. a3 Rd3 38. Re7 Rxg3 39. Rxb7 Rxa3 40.
Kg2 Kf6 41. Rb4 Kf5 42. Rb7 f6 43. Rb4 Kg4 44. f5+ Kxf5 45. Rb5+ Kg4 46. Rb4+
Kh5 47. Rf4 f5 48. Kf2 a5 0-1

[Event "bobi999"]
[Site "http://www.queenalice.com/game.php?id=591772"]
[Date "2009.5.21"]
[Round "-"]
[White "bobi999"]
[Black "Marre08"]
[Result "1-0"]
[WhiteElo "1568"]
[BlackElo "1514"]

1. e4 d6 2. d3 Nf6 3. Nf3 g6 4. g3 Bg7 5. Bg2 O-O 6. O-O Nc6 7. h3 d5 8. Nbd2
dxe4 9. dxe4 Nd7 10. Nb3 Nde5 11. Qxd8 Rxd8 12. Nxe5 Nxe5 13. c3 Nd3 14. Rd1 Be6
15. Bf1 Nxc1 16. Raxc1 Rd6 17. Kg2 Rad8 18. Be2 Bc4 19. Rxd6 Rxd6 20. Bxc4 Bh6
21. e5 Rc6 22. Bd5 Rb6 23. Rd1 1-0